Diseño de una estrategia de muestreo en frecuencia para comprensión de señales unidimensionales usando la transformada discreta de fourier no uniforme

Gespeichert in:
Bibliographische Detailangaben
1. Verfasser: Monge Acuña, José Ricardo , 1985-
Weitere Verfasser: Romero Chacón, Jorge Arturo, 1961- Director de Proyecto Eléctrico
Format: Buch
Sprache:Spanish
Veröffentlicht: [San José, Costa Rica] 2009
Schlagworte:
Tags: Tag hinzufügen
Keine Tags, Fügen Sie den ersten Tag hinzu!

MARC

LEADER 00000nam a2200000Ia 4500
003 010520
005 20240115150413.0
008 140114s2009 cr a 000 ||spa d
040 |c cru CEDI  
100 |a Monge Acuña, José Ricardo , 1985-  |9 2173 
245 |a Diseño de una estrategia de muestreo en frecuencia para comprensión de señales unidimensionales usando la transformada discreta de fourier no uniforme 
260 |b [San José, Costa Rica]  |c 2009 
500 |a Proyecto de graduación (bachillerato en ingeniería eléctrica)--Universidad de Costa Rica. Facultad de Ingeniería. Escuela de Ingeniería Eléctrica 
501 |a Profesor Guía de IE-0502 Proyecto Eléctrico: Dr. Jorge Arturo Romero Chacón  
650 |x PROCESAMIENTO DE SEÑALES  |x TRANSFORMACIONES DE FOURIER   |9 3149 
700 |a Romero Chacón, Jorge Arturo, 1961-  |d Director de Proyecto Eléctrico   |9 812 
942 |c TFG  |h TFG 6132  |i 010520  |6 TFG_6132_010520000000000 
999 |c 16083  |d 16083